| 000 | 00785nam a2200277 c 4500 | ||
|---|---|---|---|
| 999 |
_c41925 _d41925 |
||
| 003 | BLK | ||
| 005 | 20200430093242.0 | ||
| 008 | 180408b bul|||||r ||||||| ||bul|| | ||
| 010 | _aKNG00045528000 | ||
| 020 | _a2-03-512312-7 | ||
| 040 | _aBLK | ||
| 041 |
_aFRE _cFRE |
||
| 080 |
_aФотография. Кинематография _b77 _x(035) _z77(035) |
||
| 100 | 1 |
_aHedgecoe, John _eпърви автор _912626 |
|
| 139 |
_aHedgecoe, John _bХ 38 _fH 46 J _gХ 38 Д |
||
| 245 | 1 | 0 |
_aLa pratique de la photographie _cJohn Hedgecoe. |
| 257 | _aGBR | ||
| 260 |
_bLarousse _c1992 |
||
| 300 |
_a352 с _bс ил. _c24 см |
||
| 380 | _a7 | ||
| 852 | _aЦб 203503 | ||
| 856 | 4 | _qpdf | |
| 856 | 4 | _qpdf | |
| 942 |
_cKNG _n0 _01 _s1 |
||
| 944 |
_aCR _c01.01.1999 _kAB_DOS |
||
| 944 |
_aED _c15.01.2003 |
||
| 999 | _d41925 | ||